[Event "CUB-ch"]
[Site "Santa Clara"]
[Date "2000.??.??"]
[Round "?"]
[White "Perez Garcia, Rodney Oscar"]
[Black "Hernandez Onna, Roman"]
[Result "1/2-1/2"]
[WhiteElo "2472"]
[BlackElo "2402"]
[PlyCount "25"]
[EventDate "2000.04.01"]
[EventType "tourn"]
[EventRounds "17"]
[EventCountry "CUB"]
[EventCategory "8"]
[SourceTitle "EXT 2001"]
[Source "ChessBase"]
[SourceDate "2000.11.22"]
[SourceVersion "1"]
[SourceVersionDate "2000.11.22"]
[SourceQuality "1"]

1. e4 e5 2. Nf3 Nc6 3. Bb5 a6 4. Ba4 Nf6 5. O-O Be7 6. Bxc6 dxc6 7. Qe1 Nd7 8.
d3 O-O 9. Nbd2 f6 10. Nh4 Nc5 11. Nc4 Ne6 12. Nf5 Re8 13. Nxe7+ 1/2-1/2

[Event "CUB-ch"]
[Site "Santa Clara"]
[Date "2000.??.??"]
[Round "?"]
[White "Perez Rodriguez, Luis Manuel"]
[Black "Hernandez Onna, Roman"]
[Result "1/2-1/2"]
[WhiteElo "2455"]
[BlackElo "2400"]
[PlyCount "20"]
[EventDate "2000.04.01"]
[EventType "tourn"]
[EventRounds "17"]
[EventCountry "CUB"]
[EventCategory "8"]
[SourceTitle "EXT 2001"]
[Source "ChessBase"]
[SourceDate "2000.11.22"]
[SourceVersion "1"]
[SourceVersionDate "2000.11.22"]
[SourceQuality "1"]

1. e4 c5 2. Nf3 Nc6 3. c3 d5 4. exd5 Qxd5 5. d4 Bg4 6. Be2 e6 7. h3 Bh5 8. c4
Qd7 9. g4 Bg6 10. d5 Nb4 1/2-1/2

[Event "Capablanca Memorial Premier II 35th"]
[Site "Varadero"]
[Date "2000.05.09"]
[Round "3"]
[White "Hernandez Onna, Roman"]
[Black "Bellon Lopez, Juan Manuel"]
[Result "1/2-1/2"]
[WhiteElo "2402"]
[BlackElo "2446"]
[PlyCount "20"]
[EventDate "2000.05.07"]
[EventType "tourn"]
[EventRounds "13"]
[EventCountry "CUB"]
[EventCategory "8"]
[SourceTitle "CBM 076 ext"]
[Source "ChessBase"]
[SourceDate "2000.07.11"]
[SourceVersion "1"]
[SourceVersionDate "2000.07.11"]
[SourceQuality "1"]

1. c4 g6 2. g3 Bg7 3. Bg2 e5 4. Nc3 Ne7 5. Nf3 O-O 6. d3 c6 7. O-O d5 8. e4
dxc4 9. dxc4 Be6 10. b3 Na6 1/2-1/2

[Event "Capablanca Memorial Premier II 35th"]
[Site "Varadero"]
[Date "2000.05.13"]
[Round "6"]
[White "Matamoros Franco, Carlos S"]
[Black "Hernandez Onna, Roman"]
[Result "1/2-1/2"]
[WhiteElo "2492"]
[BlackElo "2402"]
[PlyCount "53"]
[EventDate "2000.05.07"]
[EventType "tourn"]
[EventRounds "13"]
[EventCountry "CUB"]
[EventCategory "8"]
[SourceTitle "CBM 076 ext"]
[Source "ChessBase"]
[SourceDate "2000.07.11"]
[SourceVersion "1"]
[SourceVersionDate "2000.07.11"]
[SourceQuality "1"]

1. c4 c5 2. g3 g6 3. Bg2 Bg7 4. Nc3 Nf6 5. a3 O-O 6. Nh3 Nc6 7. Nf4 d6 8. Rb1
Bd7 9. b4 b6 10. O-O Rc8 11. d3 e6 12. Bd2 Qe7 13. b5 Ne5 14. a4 Rc7 15. Qc2
Bc8 16. e4 Bb7 17. Rbe1 a5 18. Nfe2 Ba8 19. h3 Rcc8 20. f4 Ned7 21. g4 Ne8 22.
f5 Be5 23. g5 f6 24. Nf4 Bxf4 25. gxf6 Nexf6 26. Bxf4 Ne5 27. Bg5 1/2-1/2

[Event "Capablanca Memorial Premier II 35th"]
[Site "Varadero"]
[Date "2000.05.16"]
[Round "8"]
[White "Leyva, Ricardo"]
[Black "Hernandez Onna, Roman"]
[Result "1-0"]
[WhiteElo "2415"]
[BlackElo "2402"]
[PlyCount "57"]
[EventDate "2000.05.07"]
[EventType "tourn"]
[EventRounds "13"]
[EventCountry "CUB"]
[EventCategory "8"]
[SourceTitle "CBM 076 ext"]
[Source "ChessBase"]
[SourceDate "2000.07.11"]
[SourceVersion "1"]
[SourceVersionDate "2000.07.11"]
[SourceQuality "1"]

1. e4 c5 2. Nf3 Nc6 3. d4 cxd4 4. Nxd4 g6 5. Nc3 Bg7 6. Nb3 Nf6 7. Bg5 d6 8. f3
O-O 9. Qd2 Be6 10. O-O-O a5 11. a4 Qb6 12. Bb5 Rfc8 13. Kb1 Ne5 14. Be3 Qc7 15.
Bh6 Bh8 16. h4 Nc4 17. Bxc4 Qxc4 18. Nd4 Bd7 19. Nf5 Bxf5 20. exf5 Qb4 21. fxg6
hxg6 22. Ne2 Qxa4 23. h5 Qb4 24. c3 Qc4 25. hxg6 fxg6 26. Nf4 Kf7 27. Qc2 Rg8
28. Bg5 a4 29. Rxh8 1-0

[Event "Capablanca Memorial Premier II 35th"]
[Site "Varadero"]
[Date "2000.05.17"]
[Round "9"]
[White "Hernandez Onna, Roman"]
[Black "Moreno Carnero, Javier"]
[Result "1/2-1/2"]
[WhiteElo "2402"]
[BlackElo "2506"]
[PlyCount "34"]
[EventDate "2000.05.07"]
[EventType "tourn"]
[EventRounds "13"]
[EventCountry "CUB"]
[EventCategory "8"]
[SourceTitle "CBM 076 ext"]
[Source "ChessBase"]
[SourceDate "2000.07.11"]
[SourceVersion "1"]
[SourceVersionDate "2000.07.11"]
[SourceQuality "1"]

1. Nf3 Nf6 2. g3 g6 3. Bg2 Bg7 4. O-O O-O 5. d4 d6 6. a4 c6 7. a5 Qc7 8. Nbd2
e5 9. dxe5 dxe5 10. e4 Na6 11. Qe2 Re8 12. b3 b5 13. axb6 axb6 14. Bb2 b5 15.
Ra2 Bb7 16. Rfa1 Nd7 17. h4 Nac5 1/2-1/2

[Event "Guillermo Garcia Memorial-B 08th"]
[Site "Santa Clara"]
[Date "2000.05.24"]
[Round "1"]
[White "Arencibia Rodriguez, Walter"]
[Black "Hernandez Onna, Roman"]
[Result "1/2-1/2"]
[WhiteElo "2529"]
[BlackElo "2402"]
[PlyCount "24"]
[EventDate "2000.05.24"]
[EventType "tourn"]
[EventRounds "14"]
[EventCountry "CUB"]
[EventCategory "9"]
[SourceTitle "CBM 078"]
[Source "ChessBase"]
[SourceDate "2000.10.18"]
[SourceVersion "1"]
[SourceVersionDate "2000.10.18"]
[SourceQuality "1"]

1. e4 e5 2. Nf3 Nc6 3. d4 exd4 4. Nxd4 Nf6 5. Nc3 Bb4 6. Nxc6 bxc6 7. Bd3 d5 8.
exd5 cxd5 9. Qe2+ Qe7 10. Qxe7+ Kxe7 11. Bd2 c6 12. O-O-O Re8 1/2-1/2

[Event "Guillermo Garcia Memorial-B 08th"]
[Site "Santa Clara"]
[Date "2000.05.26"]
[Round "3"]
[White "Herrera, Irisberto"]
[Black "Hernandez Onna, Roman"]
[Result "1/2-1/2"]
[WhiteElo "2472"]
[BlackElo "2402"]
[PlyCount "48"]
[EventDate "2000.05.24"]
[EventType "tourn"]
[EventRounds "14"]
[EventCountry "CUB"]
[EventCategory "9"]
[SourceTitle "CBM 078"]
[Source "ChessBase"]
[SourceDate "2000.10.18"]
[SourceVersion "1"]
[SourceVersionDate "2000.10.18"]
[SourceQuality "1"]

1. e4 e5 2. Nf3 Nc6 3. Bb5 a6 4. Ba4 Nf6 5. O-O Be7 6. Re1 b5 7. Bb3 d6 8. c3
O-O 9. h3 Na5 10. Bc2 c5 11. d4 Nc6 12. d5 Na5 13. b3 Ne8 14. a4 Bd7 15. axb5
axb5 16. Nbd2 Nb7 17. Rxa8 Qxa8 18. Nf1 Nd8 19. b4 c4 20. Ng3 g6 21. Be3 Ng7
22. Qa1 Qb7 23. Qa7 Qxa7 24. Bxa7 Nb7 1/2-1/2

[Event "Guillermo Garcia Memorial-B 08th"]
[Site "Santa Clara"]
[Date "2000.05.28"]
[Round "4"]
[White "Hernandez Onna, Roman"]
[Black "Soppe, Guillermo"]
[Result "1/2-1/2"]
[WhiteElo "2402"]
[BlackElo "2466"]
[PlyCount "32"]
[EventDate "2000.05.24"]
[EventType "tourn"]
[EventRounds "14"]
[EventCountry "CUB"]
[EventCategory "9"]
[SourceTitle "CBM 078"]
[Source "ChessBase"]
[SourceDate "2000.10.18"]
[SourceVersion "1"]
[SourceVersionDate "2000.10.18"]
[SourceQuality "1"]

1. Nf3 d5 2. d4 Nf6 3. c4 e6 4. Nc3 Nbd7 5. Bg5 c6 6. e3 Qa5 7. Bxf6 Nxf6 8.
Bd3 g6 9. O-O Bg7 10. Rb1 O-O 11. b4 Qc7 12. Qb3 Bd7 13. Rfc1 Rfc8 14. a4 Be8
15. a5 Qd8 16. Na4 dxc4 1/2-1/2

[Event "Guillermo Garcia Memorial-B 08th"]
[Site "Santa Clara"]
[Date "2000.05.29"]
[Round "5"]
[White "Del Rio de Angelis, Salvador Gabriel"]
[Black "Hernandez Onna, Roman"]
[Result "1-0"]
[WhiteElo "2463"]
[BlackElo "2402"]
[PlyCount "75"]
[EventDate "2000.05.24"]
[EventType "tourn"]
[EventRounds "14"]
[EventCountry "CUB"]
[EventCategory "9"]
[SourceTitle "CBM 078"]
[Source "ChessBase"]
[SourceDate "2000.10.18"]
[SourceVersion "1"]
[SourceVersionDate "2000.10.18"]
[SourceQuality "1"]

1. e4 e5 2. Nf3 Nc6 3. Bb5 a6 4. Ba4 Nf6 5. O-O Be7 6. Re1 b5 7. Bb3 d6 8. c3
O-O 9. d4 Bg4 10. d5 Na5 11. Bc2 c6 12. h3 Bc8 13. dxc6 Qc7 14. Nbd2 Qxc6 15.
Nf1 Be6 16. Ng3 Rac8 17. Nh4 g6 18. Bg5 Nc4 19. Rb1 Rfe8 20. Qf3 Kg7 21. Red1
h6 22. Nhf5+ Bxf5 23. Bxf6+ Bxf6 24. exf5 Qxf3 25. gxf3 e4 26. Bxe4 Be5 27. Ne2
a5 28. fxg6 fxg6 29. Nd4 b4 30. Nc6 bxc3 31. bxc3 Rc7 32. Nxe5 Nxe5 33. Rxd6
Rf8 34. Kg2 Rf6 35. Rxf6 Kxf6 36. Rb6+ Kg7 37. f4 Rc4 38. f3 1-0

[Event "Guillermo Garcia Memorial-B 08th"]
[Site "Santa Clara"]
[Date "2000.06.05"]
[Round "10"]
[White "Hernandez Onna, Roman"]
[Black "Herrera, Irisberto"]
[Result "1/2-1/2"]
[WhiteElo "2402"]
[BlackElo "2472"]
[PlyCount "94"]
[EventDate "2000.05.24"]
[EventType "tourn"]
[EventRounds "14"]
[EventCountry "CUB"]
[EventCategory "9"]
[SourceTitle "CBM 078"]
[Source "ChessBase"]
[SourceDate "2000.10.18"]
[SourceVersion "1"]
[SourceVersionDate "2000.10.18"]
[SourceQuality "1"]

1. c4 Nf6 2. Nf3 g6 3. g3 Bg7 4. Bg2 d5 5. O-O O-O 6. cxd5 Nxd5 7. Nc3 Nc6 8.
Qb3 Nb6 9. d3 a5 10. Be3 a4 11. Qc2 Nb4 12. Qd2 N4d5 13. Bh6 Re8 14. Bxg7 Kxg7
15. Rac1 e5 16. Nxd5 Nxd5 17. e4 Nb6 18. Qc3 Qf6 19. Qxc7 Bg4 20. Nd2 Be2 21.
Rfe1 Bxd3 22. Qxb7 Bb5 23. Bh3 Rad8 24. Nf1 Re7 25. Rc7 Ree8 26. Ne3 Rb8 27.
Qa7 Ra8 28. Rxf7+ Qxf7 29. Qxb6 Rab8 30. Qc5 Qe7 31. Qc3 Rb7 32. Nd5 Qd6 33.
Rc1 Bd7 34. Bf1 Be6 35. Bc4 Bxd5 36. Bxd5 Rbb8 37. b3 axb3 38. axb3 Re7 39. f4
Qb4 40. Qb2 Qb6+ 41. Kh1 Rf8 42. fxe5 Qe3 43. e6+ Kh6 44. Kg2 Qf3+ 45. Kg1 Qe3+
46. Kg2 Qf3+ 47. Kg1 Qe3+ 1/2-1/2

[Event "Andorra op 18th"]
[Site "Andorra"]
[Date "2000.06.26"]
[Round "3"]
[White "Hernandez Onna, Roman"]
[Black "Tomas Batet, Joan"]
[Result "1-0"]
[WhiteElo "2402"]
[BlackElo "2086"]
[PlyCount "63"]
[EventDate "2000.06.24"]
[EventType "swiss"]
[EventRounds "9"]
[EventCountry "AND"]
[SourceTitle "CBM 076 ext"]
[Source "ChessBase"]
[SourceDate "2000.07.11"]
[SourceVersion "1"]
[SourceVersionDate "2000.07.11"]
[SourceQuality "1"]

1. Nf3 Nf6 2. g3 g6 3. Bg2 Bg7 4. O-O O-O 5. d4 d5 6. c4 c5 7. cxd5 cxd4 8.
Qxd4 Qxd5 9. Nc3 Qh5 10. Qe5 Nc6 11. Qxh5 Nxh5 12. Be3 Be6 13. Rfd1 Rfd8 14.
Bc5 Rac8 15. Ng5 Bc4 16. Bxc6 bxc6 17. Bxe7 Re8 18. Rd7 Bxc3 19. bxc3 Bxe2 20.
f3 a6 21. Re1 Bb5 22. Ne4 c5 23. Ra7 Ra8 24. Rxa8 Rxa8 25. Bxc5 Ng7 26. Nf6+
Kh8 27. Re7 Bc4 28. g4 Ne6 29. Rxf7 Ng5 30. Re7 Rf8 31. Bd4 Rxf6 32. Bxf6+ 1-0

[Event "Andorra op 18th"]
[Site "Andorra"]
[Date "2000.06.28"]
[Round "5"]
[White "Hernandez Onna, Roman"]
[Black "Larsen, Karsten"]
[Result "1/2-1/2"]
[WhiteElo "2402"]
[BlackElo "2294"]
[PlyCount "46"]
[EventDate "2000.06.24"]
[EventType "swiss"]
[EventRounds "9"]
[EventCountry "AND"]
[SourceTitle "CBM 076 ext"]
[Source "ChessBase"]
[SourceDate "2000.07.11"]
[SourceVersion "1"]
[SourceVersionDate "2000.07.11"]
[SourceQuality "1"]

1. d4 Nf6 2. Nf3 g6 3. g3 Bg7 4. Bg2 O-O 5. O-O d6 6. a4 a5 7. c3 Nbd7 8. Nbd2
Re8 9. e4 e5 10. Re1 b6 11. d5 Nc5 12. Bf1 Bd7 13. b3 Nh5 14. Ba3 Nb7 15. Bb5
Rf8 16. Bxd7 Qxd7 17. Qe2 Bh6 18. Nc4 f6 19. Rad1 Rae8 20. Rf1 Rf7 21. Ne1 f5
22. f3 Nf6 23. Nd3 Nd8 1/2-1/2

[Event "Andorra op 18th"]
[Site "Andorra"]
[Date "2000.06.30"]
[Round "7"]
[White "Hernandez Onna, Roman"]
[Black "Mellado Trivino, Juan"]
[Result "1/2-1/2"]
[WhiteElo "2402"]
[BlackElo "2493"]
[PlyCount "23"]
[EventDate "2000.06.24"]
[EventType "swiss"]
[EventRounds "9"]
[EventCountry "AND"]
[SourceTitle "CBM 076 ext"]
[Source "ChessBase"]
[SourceDate "2000.07.11"]
[SourceVersion "1"]
[SourceVersionDate "2000.07.11"]
[SourceQuality "1"]

1. d4 Nf6 2. Nf3 c5 3. e3 d5 4. c4 cxd4 5. exd4 e6 6. Nc3 Bb4 7. cxd5 Nxd5 8.
Bd2 Nc6 9. Bd3 O-O 10. O-O Nf6 11. Bg5 h6 12. Bh4 1/2-1/2

[Event "Andorra op 18th"]
[Site "Andorra"]
[Date "2000.07.01"]
[Round "8"]
[White "Jirovsky, Milos"]
[Black "Hernandez Onna, Roman"]
[Result "1/2-1/2"]
[WhiteElo "2474"]
[BlackElo "2402"]
[PlyCount "33"]
[EventDate "2000.06.24"]
[EventType "swiss"]
[EventRounds "9"]
[EventCountry "AND"]
[SourceTitle "CBM 076 ext"]
[Source "ChessBase"]
[SourceDate "2000.07.11"]
[SourceVersion "1"]
[SourceVersionDate "2000.07.11"]
[SourceQuality "1"]

1. Nf3 c5 2. c4 g6 3. e3 Bg7 4. Nc3 Nf6 5. d4 O-O 6. Be2 cxd4 7. exd4 d5 8. O-O
Nc6 9. h3 dxc4 10. Bxc4 Na5 11. Be2 Be6 12. Bg5 h6 13. Bf4 Rc8 14. Qd2 Kh7 15.
Ne5 Nc4 16. Nxc4 Bxc4 17. Rfe1 1/2-1/2

[Event "Andorra op 18th"]
[Site "Andorra"]
[Date "2000.07.02"]
[Round "9"]
[White "Hernandez Onna, Roman"]
[Black "Cicak, Slavko"]
[Result "0-1"]
[WhiteElo "2402"]
[BlackElo "2506"]
[PlyCount "76"]
[EventDate "2000.06.24"]
[EventType "swiss"]
[EventRounds "9"]
[EventCountry "AND"]
[SourceTitle "CBM 076 ext"]
[Source "ChessBase"]
[SourceDate "2000.07.11"]
[SourceVersion "1"]
[SourceVersionDate "2000.07.11"]
[SourceQuality "1"]

1. d4 Nf6 2. Nf3 g6 3. c4 Bg7 4. Nc3 O-O 5. e4 c5 6. Be2 cxd4 7. Nxd4 Nc6 8.
Be3 b6 9. Qd2 Bb7 10. f3 Nxd4 11. Bxd4 e6 12. O-O Qe7 13. Rfe1 Rfd8 14. Bf1 d6
15. Kh1 h6 16. a4 Bc6 17. a5 bxa5 18. Rxa5 Qb7 19. Rea1 a6 20. R5a2 Ne8 21.
Bxg7 Kxg7 22. b3 Rdb8 23. Nd1 Qb6 24. Rb2 Qb4 25. Qxb4 Rxb4 26. Nc3 a5 27. Kg1
a4 28. Ra3 Nc7 29. Kf2 Rab8 30. Rd2 Rxb3 31. Rxb3 Rxb3 32. Rxd6 Be8 33. Nd1 a3
34. Rd2 Na6 35. c5 Nxc5 36. Bc4 Rb4 37. Ne3 Na4 38. Rd3 Nb2 0-1

[Event "Mondariz op 7th"]
[Site "Mondariz"]
[Date "2000.07.27"]
[Round "2"]
[White "Hernandez Onna, Roman"]
[Black "Borovik, Irina"]
[Result "1-0"]
[WhiteElo "2400"]
[BlackElo "2175"]
[PlyCount "39"]
[EventDate "2000.07.26"]
[EventType "swiss"]
[EventRounds "9"]
[EventCountry "ESP"]
[SourceTitle "EXT 2001"]
[Source "ChessBase"]
[SourceDate "2000.11.22"]
[SourceVersion "1"]
[SourceVersionDate "2000.11.22"]
[SourceQuality "1"]

1. c4 e6 2. Nf3 d5 3. g3 c5 4. Bg2 Nc6 5. O-O Nf6 6. cxd5 exd5 7. d4 Ne4 8. Nc3
Nxc3 9. bxc3 Be7 10. dxc5 Bxc5 11. Qc2 O-O 12. Rd1 Be6 13. e4 Ne7 14. exd5 Bf5
15. Qb3 Qa5 16. c4 Rfd8 17. Bb2 f6 18. Bd4 Bd6 19. c5 Bxc5 20. d6+ 1-0

[Event "Mondariz op 7th"]
[Site "Mondariz"]
[Date "2000.07.28"]
[Round "3"]
[White "Suba, Mihai"]
[Black "Hernandez Onna, Roman"]
[Result "1/2-1/2"]
[WhiteElo "2487"]
[BlackElo "2400"]
[PlyCount "98"]
[EventDate "2000.07.26"]
[EventType "swiss"]
[EventRounds "9"]
[EventCountry "ESP"]
[SourceTitle "EXT 2001"]
[Source "ChessBase"]
[SourceDate "2000.11.22"]
[SourceVersion "1"]
[SourceVersionDate "2000.11.22"]
[SourceQuality "1"]

1. c4 c5 2. Nf3 g6 3. e4 Nc6 4. d4 cxd4 5. Nxd4 Nf6 6. Nc3 d6 7. f3 Nxd4 8.
Qxd4 Bg7 9. Be3 O-O 10. Qd2 Be6 11. Rc1 Qa5 12. Nd5 Qxa2 13. Nxe7+ Kh8 14. Be2
Ng8 15. Nd5 Bxd5 16. cxd5 Qxb2 17. Qxb2 Bxb2 18. Rc7 a5 19. Rxb7 Bc3+ 20. Kf2
a4 21. Rc1 Bg7 22. Rc2 a3 23. Ra2 f5 24. exf5 Rxf5 25. Bc1 Bd4+ 26. Ke1 Nf6 27.
Rxa3 Rxa3 28. Bxa3 Nxd5 29. Bxd6 Nf4 30. g4 Rf6 31. Rd7 Nxe2 32. Kxe2 Re6+ 33.
Kd3 Be5 34. Bf8 Kg8 35. Rd8 Kf7 36. h3 Re8 37. Rxe8 Kxe8 38. Ke4 Bb2 39. Bc5
Kf7 40. Bd4 Bc1 41. Ke5 Bd2 42. f4 Be1 43. Kd6 Bd2 44. Be5 Be1 45. Bd4 Bd2 46.
Ke5 Be1 47. Ke4 Bb4 48. Bf2 Ba3 49. g5 Bf8 1/2-1/2

[Event "Mondariz op 7th"]
[Site "Mondariz"]
[Date "2000.07.29"]
[Round "4"]
[White "Hernandez Onna, Roman"]
[Black "Ulibin, Mikhail"]
[Result "0-1"]
[WhiteElo "2400"]
[BlackElo "2583"]
[PlyCount "78"]
[EventDate "2000.07.26"]
[EventType "swiss"]
[EventRounds "9"]
[EventCountry "ESP"]
[SourceTitle "EXT 2001"]
[Source "ChessBase"]
[SourceDate "2000.11.22"]
[SourceVersion "1"]
[SourceVersionDate "2000.11.22"]
[SourceQuality "1"]

1. c4 e5 2. Nc3 Nc6 3. g3 g6 4. Bg2 Bg7 5. Nf3 d6 6. d3 f5 7. O-O Nf6 8. Bg5 h6
9. Bxf6 Qxf6 10. Rc1 O-O 11. a3 a5 12. b4 axb4 13. Nd5 Qd8 14. axb4 Ne7 15. Qb3
Nxd5 16. cxd5 Bd7 17. Nd2 Kh7 18. Qc4 Rc8 19. b5 b6 20. Nb1 h5 21. Nc3 Bf6 22.
Ra1 h4 23. Ra7 Bg5 24. e3 Kh6 25. Ne2 Rf7 26. Rc1 Be8 27. f4 Bf6 28. e4 hxg3
29. hxg3 c5 30. Rxf7 Bxf7 31. Bh3 exf4 32. Nxf4 g5 33. Ne6 Bxe6 34. dxe6 g4 35.
exf5 gxh3 36. Qg4 Bd4+ 37. Kh2 Qg5 38. Qxh3+ Kg7 39. e7 Qd2+ 0-1

[Event "Mondariz op 7th"]
[Site "Mondariz"]
[Date "2000.07.30"]
[Round "5"]
[White "Argandona Riveiro, Inigo"]
[Black "Hernandez Onna, Roman"]
[Result "0-1"]
[WhiteElo "2250"]
[BlackElo "2400"]
[PlyCount "96"]
[EventDate "2000.07.26"]
[EventType "swiss"]
[EventRounds "9"]
[EventCountry "ESP"]
[SourceTitle "EXT 2001"]
[Source "ChessBase"]
[SourceDate "2000.11.22"]
[SourceVersion "1"]
[SourceVersionDate "2000.11.22"]
[SourceQuality "1"]

1. d4 Nf6 2. c4 e6 3. Nf3 Bb4+ 4. Bd2 Qe7 5. g3 Nc6 6. Bg2 Bxd2+ 7. Qxd2 Ne4 8.
Qc2 Qb4+ 9. Nc3 Nxc3 10. Qxc3 Qxc3+ 11. bxc3 Rb8 12. Rb1 b6 13. Nd2 Bb7 14. e3
Ke7 15. O-O Na5 16. Bxb7 Rxb7 17. Rb5 d6 18. Rfb1 Rhb8 19. R5b4 c5 20. Ra4 Nc6
21. Rb5 Kd7 22. f4 Kc7 23. d5 Ne7 24. e4 e5 25. Rb1 exf4 26. gxf4 Ng6 27. Rf1
Re8 28. Ra3 f5 29. exf5 Nh4 30. Nf3 Nxf5 31. Ng5 Re2 32. Rf3 Kc8 33. Ne6 Re4
34. Rh3 h6 35. Rh5 g6 36. Rh3 Rxc4 37. Rb3 Re4 38. Rb2 Re1+ 39. Kf2 Rd1 40. Nf8
Rxd5 41. Re2 Rg7 42. Re8+ Kb7 43. Ne6 Rh7 44. Ng5 Rd7 45. Ne4 Rd1 46. Re6 d5
47. Nf6 Rd8 48. Re2 h5 0-1

[Event "Mondariz op 7th"]
[Site "Mondariz"]
[Date "2000.07.31"]
[Round "6"]
[White "Hernandez Onna, Roman"]
[Black "Torrado Quintela, Julio"]
[Result "1-0"]
[WhiteElo "2400"]
[BlackElo "2124"]
[PlyCount "87"]
[EventDate "2000.07.26"]
[EventType "swiss"]
[EventRounds "9"]
[EventCountry "ESP"]
[SourceTitle "EXT 2001"]
[Source "ChessBase"]
[SourceDate "2000.11.22"]
[SourceVersion "1"]
[SourceVersionDate "2000.11.22"]
[SourceQuality "1"]

1. d4 g6 2. c4 Bg7 3. Nc3 d6 4. e4 Nd7 5. Nf3 e5 6. Be2 Ne7 7. d5 O-O 8. h4 h6
9. h5 g5 10. g4 Bf6 11. Be3 a5 12. Nh2 Nc5 13. Nf1 Bd7 14. Ng3 a4 15. f3 Re8
16. Kf2 Kh7 17. Qc2 Qb8 18. b4 axb3 19. axb3 Na6 20. Rhd1 Nb4 21. Qd2 Rxa1 22.
Rxa1 Rd8 23. Na2 Nxa2 24. Qxa2 c5 25. b4 b6 26. Qa6 Qc7 27. bxc5 dxc5 28. Qa7
Qd6 29. Bd1 Rb8 30. Ba4 Bc8 31. Bb5 Rb7 32. Qa4 Rb8 33. Ne2 Ng8 34. Qa7 Rb7 35.
Qa8 Ne7 36. Nc3 Rb8 37. Qa7 Rb7 38. Qa4 Rb8 39. Bc6 Bb7 40. Nb5 Qd8 41. Bxb7
Rxb7 42. Qa8 Qd7 43. Nd6 Rc7 44. Ne8 1-0

[Event "Mondariz op 7th"]
[Site "Mondariz"]
[Date "2000.08.03"]
[Round "9"]
[White "Korneev, Oleg"]
[Black "Hernandez Onna, Roman"]
[Result "1-0"]
[WhiteElo "2619"]
[BlackElo "2400"]
[PlyCount "75"]
[EventDate "2000.07.26"]
[EventType "swiss"]
[EventRounds "9"]
[EventCountry "ESP"]
[SourceTitle "EXT 2001"]
[Source "ChessBase"]
[SourceDate "2000.11.22"]
[SourceVersion "1"]
[SourceVersionDate "2000.11.22"]
[SourceQuality "1"]

1. e4 c5 2. Nf3 Nc6 3. d4 cxd4 4. Nxd4 g6 5. Nc3 Bg7 6. Be3 Nf6 7. Bc4 O-O 8.
Bb3 d6 9. f3 Bd7 10. Qd2 Qc7 11. O-O-O Rfc8 12. Kb1 Ne5 13. h4 Nc4 14. Bxc4
Qxc4 15. h5 b5 16. hxg6 fxg6 17. Bh6 Bh8 18. Bg5 Qf7 19. Bxf6 Bxf6 20. Nd5 Bxd4
21. Qxd4 Be6 22. b3 Rc5 23. Rd2 Rac8 24. Re1 a5 25. Re3 b4 26. f4 Bxd5 27. exd5
Rc3 28. Rxc3 Rxc3 29. a3 Rc5 30. axb4 axb4 31. g4 Rb5 32. g5 Qf5 33. Qc4 Rb7
34. Rd4 Kf7 35. Kb2 Rb8 36. Rd2 Rb7 37. Re2 Rb8 38. Rxe7+ 1-0

[Event "Galicia-chT Preferente"]
[Site "Galicia"]
[Date "2001.02.10"]
[Round "3"]
[White "Hernandez Onna, Roman"]
[Black "Teijeiro Barros, Alberto"]
[Result "1/2-1/2"]
[WhiteElo "2417"]
[BlackElo "2248"]
[PlyCount "45"]
[EventDate "2001.??.??"]
[EventType "team"]
[EventRounds "3"]
[EventCountry "ESP"]
[SourceTitle "EXT 2002"]
[Source "ChessBase"]
[SourceDate "2001.11.25"]

1. c4 e6 2. Nf3 Nf6 3. d4 b6 4. Nc3 Bb7 5. a3 d5 6. cxd5 Nxd5 7. e3 Nd7 8. Bc4
Nxc3 9. bxc3 Be7 10. Qe2 c5 11. O-O O-O 12. e4 Nf6 13. Bd3 Rc8 14. Bb2 Rc7 15.
Rac1 Qa8 16. Rfe1 a6 17. Ne5 b5 18. Ng4 Nd7 19. Qe3 Nb6 20. Qh3 Bd8 21. dxc5
Nd7 22. e5 g6 23. c4 1/2-1/2

[Event "Guillermo Garcia Memorial-A 10th"]
[Site "Santa Clara"]
[Date "2002.05.19"]
[Round "1"]
[White "Neubauer, Martin"]
[Black "Hernandez Onna, Roman"]
[Result "1/2-1/2"]
[WhiteElo "2418"]
[BlackElo "2417"]
[PlyCount "70"]
[EventDate "2002.05.04"]
[EventType "tourn"]
[EventRounds "11"]
[EventCountry "CUB"]
[EventCategory "8"]
[SourceTitle "CBM 088 ext"]
[Source "ChessBase"]
[SourceDate "2002.07.01"]
[SourceVersion "2"]
[SourceVersionDate "2002.07.01"]
[SourceQuality "1"]

1. e4 c5 2. Nf3 Nc6 3. d4 cxd4 4. Nxd4 g6 5. c4 Nf6 6. Nc3 Nxd4 7. Qxd4 d6 8.
Bg5 Bg7 9. Qd2 O-O 10. Bd3 Be6 11. Rc1 Qa5 12. O-O Rfc8 13. b3 a6 14. f4 b5 15.
f5 bxc4 16. fxe6 cxd3 17. exf7+ Kxf7 18. Bxf6 Bxf6 19. Qxd3 Qc5+ 20. Kh1 Kg7
21. Ne2 Qa3 22. Rc2 Rxc2 23. Qxc2 Qb2 24. Rc1 Rf8 25. g3 Qe5 26. Rf1 d5 27. Nf4
Bg5 28. exd5 Bxf4 29. Rxf4 Rxf4 30. gxf4 Qxf4 31. Qe2 Qc1+ 32. Kg2 Qg5+ 33. Kf2
Qf4+ 34. Ke1 Qc1+ 35. Kf2 Qf4+ 1/2-1/2